Leadership in action : (Record no. 345327)
[ view plain ]
| 000 -LEADER | |
|---|---|
| fixed length control field | 01138 a2200205 4500 |
| 020 ## - INTERNATIONAL STANDARD BOOK NUMBER | |
| International Standard Book Number | 0070410410 |
| 020 ## - INTERNATIONAL STANDARD BOOK NUMBER | |
| International Standard Book Number | 9780070410411 |
| 082 04 - DEWEY DECIMAL CLASSIFICATION NUMBER | |
| Classification number | 664.00688 |
| 090 ## - LOCALLY ASSIGNED LC-TYPE CALL NUMBER (OCLC); LOCAL CALL NUMBER (RLIN) | |
| -- | 2837 |
| -- | 2837 |
| 100 1# - MAIN ENTRY--PERSONAL NAME | |
| Personal name | Maucher, Helmut. |
| 245 10 - TITLE STATEMENT | |
| Title | Leadership in action : |
| Remainder of title | tough-minded strategies from the global giant / |
| Statement of responsibility, etc. | Helmut Maucher. |
| 250 ## - EDITION STATEMENT | |
| Edition statement | First Edition ed. |
| 260 ## - PUBLICATION, DISTRIBUTION, ETC. | |
| Place of publication, distribution, etc. | [S.l.] : |
| Name of publisher, distributor, etc. | McGraw-Hill Companies, |
| Date of publication, distribution, etc. | 1994. |
| 300 ## - PHYSICAL DESCRIPTION | |
| Extent | 160 p. ; |
| Dimensions | 24 cm. |
| 500 ## - GENERAL NOTE | |
| General note | Hardcover. |
| 520 ## - SUMMARY, ETC. | |
| Summary, etc. | Veterans of downsizing and corporate turnarounds will be fascinated by the management style and philosophy of the chairman and CEO of mammoth Nestle Corporation. In matters of leadership on the global frontier, Helmut Maucher knows more than almost anyone. Readers everywhere will devour his inside look at Nestle's $38 billion operations, and the secrets of its success. German language edition has already sold more than 10,000 copies. |
| 856 40 - ELECTRONIC LOCATION AND ACCESS | |
| Materials specified | Amazon.com |
| Uniform Resource Identifier | <a href="http://www.amazon.com/exec/obidos/ASIN/0070410410/chopaconline-20">http://www.amazon.com/exec/obidos/ASIN/0070410410/chopaconline-20</a> |
| 856 40 - ELECTRONIC LOCATION AND ACCESS | |
| Materials specified | Amazon customer reviews |
| Uniform Resource Identifier | <a href="http://www.chopac.org/cgi-bin/tools/azrev.pl?q=0070410410">http://www.chopac.org/cgi-bin/tools/azrev.pl?q=0070410410</a> |
| 942 ## - ADDED ENTRY ELEMENTS (KOHA) | |
| Institution code [OBSOLETE] | NBS |
| Koha item type | Book |
| Call number prefix | 303.34 MNU |
| Withdrawn status | Lost status | Damaged status | Not for loan | Permanent Location | Current Location | Date acquired | Total Checkouts | Full call number | Barcode | Date last seen | Date last checked out | Price effective from | Koha item type |
|---|---|---|---|---|---|---|---|---|---|---|---|---|---|
| Central Library (CL) | Central Library (CL) | 08/28/2013 | 3 | 303.34 MNU | NBS1325 | 02/16/2024 | 02/02/2024 | 08/28/2013 | Book |
